000 00482nam a2200181Ia 4500
005 20250508151012.0
008 008 250505s9999 xx 000 0 eng d
037 _aTextual
040 _aFEDL
_beng
_cFEDL
041 _aeng
_2eng
084 _a684, BRA
_qFEDL
100 _aBradman W A G
_9758161
245 0 _aCaravan construction
260 _aLondon, UK
_bW And G Foyle Limited
_c1951
300 _a85p.
942 _cTEXL
_h684, BRA
999 _c1326964
_d1326964